Hóa lí : Dùng cho sinh viên hóa các trường đại học Tổng hợp và Sư phạm
Sách trình bày về nhiệt động học và các ứng dụng của nó; đề cập đến cơ sở lý luận của nhiệt động học; đề cập đến các vấn đề ứng dụng, chủ yếu trong việc khảo sát cân bằng pha, cân bằng phản ứng...
Na minha lista:
| Autor principal: | |
|---|---|
| Formato: | Livro |
| Idioma: | Undetermined |
| Publicado em: |
Hà Nội
Giáo Dục
1996
|
| Assuntos: | |
| Tags: |
Adicionar Tag
Sem tags, seja o primeiro a adicionar uma tag!
|
| Thư viện lưu trữ: | Trung tâm Học liệu Trường Đại học Cần Thơ |
|---|
| LEADER | 01007nam a2200217Ia 4500 | ||
|---|---|---|---|
| 001 | CTU_27956 | ||
| 008 | 210402s9999 xx 000 0 und d | ||
| 020 | |c 16500 | ||
| 082 | |a 541.3 | ||
| 082 | |b Nh121/T.1 | ||
| 100 | |a Trần, Văn Nhân | ||
| 245 | 0 | |a Hóa lí : | |
| 245 | 0 | |b Dùng cho sinh viên hóa các trường đại học Tổng hợp và Sư phạm | |
| 245 | 0 | |c Trần Văn Nhân, Nguyễn Thạc Sửu | |
| 260 | |a Hà Nội | ||
| 260 | |b Giáo Dục | ||
| 260 | |c 1996 | ||
| 520 | |a Sách trình bày về nhiệt động học và các ứng dụng của nó; đề cập đến cơ sở lý luận của nhiệt động học; đề cập đến các vấn đề ứng dụng, chủ yếu trong việc khảo sát cân bằng pha, cân bằng phản ứng | ||
| 650 | |a Chemistry, physical and theoretical | ||
| 904 | |i Bạch Trúc | ||
| 980 | |a Trung tâm Học liệu Trường Đại học Cần Thơ | ||